000
00247nam a2200109 4500
001
3550
090
_a
3550
100
_a
20190723b u||y0fre||u0ba y50
200
_a
POUR
_b
Périodique
_e
Le mouvement étudiant
210
_a
Genève
801
_a
CH
_b
CH-002049-8
955
_r
1979: 1